Twenty years in the AIDS. Pandemic: a place for sociology /
Este escrito trata el SIDA como un cambio pandémico de condición social. También revisa la forma y las consecuencias de las respuestas persistentes al SIDA (negación, marginalización y urgencia) en ambos, los contextos de la epidemia en Norte América y en el mundo. Los sociólogos son llamados a ver...
Guardat en:
| Autor principal: | |
|---|---|
| Format: | Text |
| Matèries: | |
| Etiquetes: |
Afegir etiqueta
Sense etiquetes, Sigues el primer a etiquetar aquest registre!
|
MARC
| LEADER | 00000 a a2200000 04500 | ||
|---|---|---|---|
| 001 | 4683 | ||
| 003 | |||
| 040 | |||
| 100 | |a Maticka - Tyndale, Eleanor | ||
| 245 | |a Twenty years in the AIDS. Pandemic: |b a place for sociology / |c Eleanor Maticka - Tyndale | ||
| 520 | |a Este escrito trata el SIDA como un cambio pandémico de condición social. También revisa la forma y las consecuencias de las respuestas persistentes al SIDA (negación, marginalización y urgencia) en ambos, los contextos de la epidemia en Norte América y en el mundo. Los sociólogos son llamados a ver el SIDA como un ambiente abundante en aplicaciones y pruebas de teorías, con la sociología vista como una disciplina cuya presencia es requerida para el entendimiento y la solución de retos sociales producidos por el SIDA | ||
| 650 | |a SIDA | ||
| 650 | |a SOCIOLOGIA | ||
| 650 | |a PREVENCION DEL SIDA | ||
| 650 | |a VIH | ||
| 650 | |a ASPECTOS SOCIALES | ||
| 650 | |a ANALISIS SOCIOLOGICO | ||
| 773 | |g volumen 49, número 6; páginas 13-21 | ||
| 999 | |c 23790 |d 23790 | ||
